| 000 | 00493nam a22002057a 4500 | ||
|---|---|---|---|
| 001 | nam a22 7a 4500 | ||
| 003 | OSt | ||
| 005 | 20210830152444.0 | ||
| 007 | nam a22 7a 4500 | ||
| 008 | 210830b |||||||| |||| 00| 0 eng d | ||
| 020 | _a0534373607 | ||
| 040 | _cHU | ||
| 082 |
_23rd _a512/BAN |
||
| 100 |
_aBanks John A. _9732 |
||
| 245 | _aCollege Algebra | ||
| 250 | _a3rd | ||
| 260 |
_aAustralia _bBrooks /Cole Thomson Learning _c2000 |
||
| 300 | _a243p. | ||
| 942 |
_2ddc _cBOOKS _n0 |
||
| 999 |
_c894 _d894 |
||